| 000 | 00771nam a2200289Ia 4500 | ||
|---|---|---|---|
| 001 | 7958 | ||
| 005 | 20240113234043.0 | ||
| 007 | ta | ||
| 008 | 170602s1996 ii a g b000 u 465 u | ||
| 020 | _a81-7328-082-7 | ||
| 040 | _aCotton College,Assam | ||
| 041 | _aeng | ||
| 082 |
_a576 _bAn 31 Ex |
||
| 100 | _aAneja, K.R. . | ||
| 245 | 0 |
_aExperiments in Microbiology, Plant Pathology, Tissue Culture and Mushroom Cultivation / _cK.R. Aneja. _hTextual Documents |
|
| 250 | _a2nd ed / | ||
| 260 |
_aNew Delhi : _bWishwa Prakashan , _c1996. |
||
| 300 |
_a451p. : _bill ; _c24cm. . |
||
| 504 | _aBib. | ||
| 653 | _aBiology | ||
| 653 | _aBotany | ||
| 942 |
_2ddc _cBK |
||
| 999 |
_c7945 _d7945 |
||